| 000 | 00344nam a2200133Ia 4500 | ||
|---|---|---|---|
| 008 | 240624s9999 xx 000 0 und d | ||
| 041 | _aeng | ||
| 082 | _a658 LAW | ||
| 100 | _aLAWRENCE KENNETH D | ||
| 245 | _aAPPLICATIONS OF MANAGEMENT SCIENCE | ||
| 260 |
_c2015 _aUnited Kingdom _bEmerald |
||
| 300 | _aix, 222 p.; 23 cm. | ||
| 365 |
_cBPS _b30 |
||
| 999 |
_c30057 _d30057 |
||